Tilastot visalle T:llä alkavat valtiot

Klikkaa tästä pelataksesi tätä visaa!

Yleistilastot

  • Tätä visaa on pelattu 1 421 kertaa
    (949 viimeisimmän päivityksen jälkeen)
  • Keskiarvotulos 10 / 14

Vastaustilastot

Valtio% Oikein
Turkki
85%
Tansania
84%
Turkmenistan
80%
Tanska
79%
Tunisia
74%
Tadžikistan
69%
Togo
69%
Tuvalu
69%
Thaimaa
63%
Tonga
62%
Taiwan
59%
Trinidad ja Tobago
57%
Tšad
53%
Tšekki
52%

Tulosjakauma

Persentiili vastausten määrän mukaan

Jokaisen tuloksen saaneiden osuus

Tuloshistoriasi

Et ole pelannut tätä visaa sen viimeisimmän päivityksen jälkeen